000 00417nam a2200169Ia 4500
008 230524s9999 xx 000 0 und d
020 _a8125918310
082 _a331.004
_bSRI
100 _aS.C.Srivastava
245 0 _a"Industrial Relations and Labour Laws,"
250 _a5TH
260 _aNEW DELHI
_bVikas
_c2009
300 _aXII;350
500 _aQuantity Number: 10
650 _aManagement
942 _cBK
999 _c46725
_d46725